=LDR 00000nam 2200000 4500 =001 INLIS000000000005708 =005 20251021024857 =035 ##$$a 0010-1025000763 =007 ta =008 251021###########################0#ind## =082 ##$$a 616.12 =084 ##$$a 616.12 RUD t =100 #$$a Rudy Atmoko =245 1#$$a Tetap Berprestasi dengan Penyakit Jantung : $b - /$c Rudy Atmoko ; Yayasan Sinar Wijaya Indonesia =260 ##$$a Surabaya :$b Yayasan Sinar Wijaya Indonesia =300 ##$$a 8 hal : $b - ; $c 21 cm =650 #4$$a Keluarga Berencana =710 #$$a Yayasan Sinar Wijaya Indonesia =856 ##$$a Perpustakaan Kemendukbangga